| 000 | 00507aam a2200205 4500 | ||
|---|---|---|---|
| 005 | 20160926142814.0 | ||
| 008 | 150602b xxu||||| |||| 00| 0 spa d | ||
| 041 | _aEspañol | ||
| 082 | _a155.4 P178c | ||
| 100 |
_aPalladino, Connie _922793 |
||
| 245 | _aComo desarrollar la autoestima | ||
| 260 | _aMéxico | ||
| 260 | _bIberoamerica | ||
| 260 | _c1998 | ||
| 300 | _a102 páginas | ||
| 650 |
_aAUTOESTIMA _9460 |
||
| 650 |
_aDESARROLLO PROFESIONAL _922794 |
||
| 650 |
_aATRIBUTOS _9772 |
||
| 942 | _cBK | ||
| 999 |
_c1099 _d1099 |
||